000
00255nam a2200109Ia 4500
008
220204s9999 xx 000 0 und d
082
_a
681.31C
_b
KAN
100
_a
Kanetkar, Y
245
0
_a
C projects
260
_a
New Delhi
_b
BPB Publications
942
_c
BK
999
_c
41395
_d
41395